000 01972nam0a2200397 i 4500
001 RU\NLR\BIBL_A\012526215
005 20260405204158.0
010 _a9785987129012
_9500
035 _a(NLR Aleph) 012526215
090 _a12345249
_c12345249
100 _a20210524d2019 k y0rusy50 ca
101 0 _arus
_deng
_eeng
102 _aRU
105 _aa|||z|||001zy
181 0 _ai
_baxxe
182 0 _an
200 1 _a"Городская цивилизация" Англии от Тюдоров до Стюартов
_dThe Town's civilization of England from Tudor to Stuarts
_fВ.А. Евсеев
_zeng
203 _aТекст
_bвизуальный
_cнепосредственный
210 _aМосква
_aСанкт-Петербург
_cЦентр гуманитарных инициатив
_d2019
215 _a634, [2] с., [2] л. ил., цв. ил.
_cил., табл.
_d24
225 1 _aСерия Mediaevalia
_iCредневековье как историко-культурный феномен
_fсост. и гл. ред.: А.К. Гладков
300 _aАвт. также на англ. яз.: Vladimir Evseev
300 _aРез. англ.
320 _aБиблиогр.: с. 576-609 и в подстроч. примеч.
320 _aУказ. имен: с. 623-628
510 1 _6z11790
_aThe Town's civilization of England from Tudor to Stuarts
_zeng
606 1 _aГорода
_xИстория
_yВеликобритания
_z16 - 17 вв.
_92329256
_3RU\NLR\AUTH\661392983
686 1 _aТ3(4Вл)43-22
700 1 _aЕвсеев
_bВ. А.
_gВладимир Александрович
722 _4570
_8rus
_aТюдоры
_cдинастия
_f1485-1603
_7ca
_3RU\NLR\AUTH\7791473
_974400
722 _4570
_8rus
_aСтюарты (династия)
_7ca
_3RU\NLR\AUTH\7762687
_945617
790 1 _6z11510
_aEvseev
_bV. A.
_gVladimir Aleksandrovič
942 _cBOOK
980 _aNBR